5HLuxD.jpg

KING HENRY VIII SENIOR AND PRIMARY SCHOOL LIBRARY OPAC

Comic Club collaborations / (Record no. 3954)

000 -LEADER
fixed length control field 02159cam a2200361 a 4500
001 - CONTROL NUMBER
control field 2512733
003 - CONTROL NUMBER IDENTIFIER
control field OSt
005 - DATE AND TIME OF LATEST TRANSACTION
control field 20241126115335.0
008 - FIXED-LENGTH DATA ELEMENTS--GENERAL INFORMATION
fixed length control field 240911s2022 nyua c 6 000 0 eng d
020 ## - INTERNATIONAL STANDARD BOOK NUMBER
International Standard Book Number 9781338846621
Qualifying information (hbk.) :
040 ## - CATALOGING SOURCE
Transcribing agency KH8
041 0# - LANGUAGE CODE
Language code of text/sound track or separate title eng
082 04 - DEWEY DECIMAL CLASSIFICATION NUMBER
Classification number 741.5973 PIL
100 1# - MAIN ENTRY--PERSONAL NAME
Personal name Pilkey, Dav,
Dates associated with a name 1966-
Relator term author,
-- illustrator.
245 10 - TITLE STATEMENT
Title Comic Club collaborations /
Statement of responsibility, etc. words, illustrations, and artwork by Dav Pilkey ; with digital color by Jose Garibaldi.
246 3# - VARYING FORM OF TITLE
Title proper/short title Collaborations.
246 3# - VARYING FORM OF TITLE
Title proper/short title Cat Kid Comic Club Collaborations.
246 1# - VARYING FORM OF TITLE
Display text At head of title:
Title proper/short title Tree-House Comix proudly presents.
250 ## - EDITION STATEMENT
Edition statement 1st ed.
260 ## - PUBLICATION, DISTRIBUTION, ETC.
Place of publication, distribution, etc. New York :
Name of publisher, distributor, etc. Graphix,
Date of publication, distribution, etc. 2022.
300 ## - PHYSICAL DESCRIPTION
Extent 223 p. :
Other physical details col. ill. ;
Dimensions 22 cm.
490 1# - SERIES STATEMENT
Series statement Cat Kid Comic Club ;
Volume/sequential designation 4.
505 00 - FORMATTED CONTENTS NOTE
Title Off to a bad start --
-- The best day of all time --
-- The continuing saga of Baby Flippy --
-- In the autumn pond: haiku, shodo, and photos --
-- A walk in the woods --
-- Gilbert and Curly heed the call --
-- The parody that relied heavily on the fair-use defense to forestall any liability for copyright infringement --
-- Frogzilla --
-- Business partners --
-- Melvin and Naomi get their chance --
-- Chubbs McSpiderbutt: easy spider --
-- The smallest act of kindness --
-- Run, little baby, run! --
-- Regrets --
-- Mallo cop --
-- Naomi and Melvin learn their lesson (sort of) --
-- Notes & fun facts.
520 ## - SUMMARY, ETC.
Summary, etc. "Excitement and imagination run wild as Naomi, Melvin, Poppy, Gilbert, Curly, and their siblings get back to making comics with originality and laughter. But wait--have they cleaned their rooms yet?! After their chores, the rambunctious group presents even more amazing mini-comics. By working together, the baby frogs discover that small things can have a huge impact."--
Assigning source Provided by publisher.
521 ## - TARGET AUDIENCE NOTE
Target audience note Lexile GN290L.
650 #0 - SUBJECT ADDED ENTRY--TOPICAL TERM
Topical term or geographic name entry element Cats
Form subdivision Comic books, strips, etc.
650 #0 - SUBJECT ADDED ENTRY--TOPICAL TERM
Topical term or geographic name entry element Frogs
Form subdivision Comic books, strips, etc.
650 #0 - SUBJECT ADDED ENTRY--TOPICAL TERM
Topical term or geographic name entry element Clubs
Form subdivision Comic books, strips, etc.
650 #0 - SUBJECT ADDED ENTRY--TOPICAL TERM
Topical term or geographic name entry element Siblings
Form subdivision Comic books, strips, etc.
700 1# - ADDED ENTRY--PERSONAL NAME
Personal name Garibaldi, Jose,
Relator term colorist.
800 1# - SERIES ADDED ENTRY--PERSONAL NAME
Personal name Pilkey, Dav,
Dates associated with a name 1966-
Title of a work Cat Kid Comic Club (Series) ;
Volume/sequential designation #4.
942 ## - ADDED ENTRY ELEMENTS (KOHA)
Source of classification or shelving scheme
Koha item type Books - Non Ficton
Holdings
Withdrawn status Lost status Source of classification or shelving scheme Damaged status Not for loan Collection code Permanent Location Current Location Shelving location Date acquired Total Checkouts Total Renewals Full call number Barcode Date last seen Date last checked out Price effective from Koha item type
          Non-Fiction KH8 Primary School Library KH8 Primary School Library Non Fiction 2024-11-26 12 3 741.5973 PIL KHPL000004653 2026-02-27 2026-01-28 2024-11-26 Books - Non Ficton

Powered By KH8 IT Dept